000 00598nam a22001817a 4500
999 _c195074
_d195074
005 20230216142023.0
010 _aENG-136215
020 _a9788120342705
_c250.00
035 _aEN-119747
037 _bDBAD/PUB
082 _a658.812
100 _aEvenson, Renee
245 _aAward - winnng customer service:
_b101 way of guarantee great proformance/
_cby Renee evenson
260 _aNew Delhi
_bPHI Learning Private Limited
_c2011
270 _aM-97 , Connaught Circus , New Delhi
_bDelhi
_e110001
300 _a232p.
_bIndex
_c22cm(pbk)
942 _2ddc
_cEN
_h658.812
_mEVE